| 000 -CABECERA |
| Longitud fija campo de control |
00867nam a2200229 c 4500 |
| 001 - NÚMERO DE CONTROL |
| Número de control |
a7174630 |
| 003 - IDENTIFICADOR DEL NÚMERO DE CONTROL |
| Identificador del número de control |
OSt |
| 005 - FECHA Y HORA DE LA ÚLTIMA TRANSACCIÓN |
| Fecha y hora de la última transacción |
20230705103551.0 |
| 008 - CÓDIGOS DE INFORMACIÓN DE LONGITUD FIJA |
| Códigos de información de longitud fija |
221011s sp | |||| 000 spa |
| 015 ## - NÚMERO DE BIBLIOGRAFÍA NACIONAL |
| Número de bibliografía nacional |
MON22 |
| 017 ## - NÚMERO DE COPYRIGHT O DE DEPÓSITO LEGAL |
| Número de copyright o de depósito legal |
M 20577-2022 |
| Agencia que asigna el número |
Oficina Depósito Legal Madrid |
| 040 ## - FUENTE DE LA CATALOGACIÓN |
| Centro catalogador de origen |
SpMaBN |
| Lengua de catalogación |
spa |
| Centro transcriptor |
CDMR |
| 110 1# - PUNTO DE ACCESO PRINCIPAL-NOMBRE DE ENTIDAD CORPORATIVA |
| 9 (RLIN) |
101 |
| Nombre de entidad corporativa o nombre de jurisdicción como elemento inicial |
Espanya |
| Unidad subordinada |
-- Ministerio de Presidencia |
| 245 ## - MENCIÓN DE TÍTULO |
| Título |
Lucha contra las campañas de desinformación en el ámbito de la seguridad nacional |
| Resto del título |
: propuestas de la sociedad civil |
| Mención de responsabilidad, etc. |
/ Gobierno de España. Presidencia del Gobierno |
| 260 ## - PUBLICACIÓN, DISTRIBUCIÓN, ETC. (PIE DE IMPRENTA) |
| Lugar de publicación, distribución, etc. |
Madrid : |
| Nombre del editor, distribuidor, etc. |
Ministerio de la Presidencia, Relaciones con las Cortes y Memoria Democrática, |
| Fecha de publicación, distribución, etc. |
2022 |
| 300 ## - DESCRIPCIÓN FÍSICA |
| Extensión |
297 pàgines |
| 650 #0 - PUNTO DE ACCESO ADICIONAL DE MATERIA - TÉRMINO DE MATERIA |
| 9 (RLIN) |
4286 |
| Término de materia o nombre geográfico como elemento inicial |
Desinformació |
| Subdivisión geográfica |
Espanya |
| 650 #0 - PUNTO DE ACCESO ADICIONAL DE MATERIA - TÉRMINO DE MATERIA |
| 9 (RLIN) |
4787 |
| Término de materia o nombre geográfico como elemento inicial |
Alfabetització mediàtica |
| Subdivisión geográfica |
Espanya |
| 650 #0 - PUNTO DE ACCESO ADICIONAL DE MATERIA - TÉRMINO DE MATERIA |
| 9 (RLIN) |
4796 |
| Término de materia o nombre geográfico como elemento inicial |
Fake news |
| Subdivisión geográfica |
Espanya |
| 942 ## - ENTRADA DE ELEMENTOS AGREGADOS (KOHA) |
| Fuente de clasificaión o esquema |
|
| Koha [por defecto] tipo de item |
Monografies |
| 956 ## - LOCALIZACIÓN Y ACCESO ELECTRÓNICO LOCAL (OCLC) |
| Nombre de la fuente |
2 |